| 000 | 00756nam a2200181Ia 4500 | ||
|---|---|---|---|
| 008 | 090124s9999 xx 000 0 und d | ||
| 082 | _b30919 | ||
| 100 | _aरानडे एकनाथजी | ||
| 245 | _a विवेकानंद-शिला स्मारकाचे शिल्पकार | ||
| 250 | _a1 | ||
| 260 |
_bभारतीय विचार साधना _c1992 |
||
| 300 | _a18 | ||
| 600 | _aरानडे एकनाथजी | ||
| 630 | _a विवेकानंद-शिला स्मारकाचे शिल्पकार | ||
| 700 | _aरानडे एकनाथजी | ||
| 730 | _a विवेकानंद-शिला स्मारकाचे शिल्पकार | ||
| 942 | _cBOOK | ||
| 999 |
_c97022 _d97022 |
||